000 01108njm a22002537a 4500
005 2010083102142.0
006 a|||||r|||||00| 0
007 sd ammalaaahaa
008 100831t xxu||||| |||| 00| 0 eng d
028 _aN.88108
_bHis Master's Voice
035 _aGR-137
040 _aSED
_cSED
100 _917690
_aJagmohan, Sursagar
245 _aTeri Chanchal Aankhen hain /
_cmusic by Jagmohan Sursagar; lyric by Hasrat Jaipuri
_h[Sound Recording] :
246 _aतेरी चंचल आँखें हैं /जगमोहन सूरसागर
260 _aDum Dum India
_bHis Master's Voice
300 _a1 sound disc (Gramophone Recording)
_banalog, 33 1/3 rpm
_c9.5 in. (MP)
_fGramophone Record
500 _aBrief Record
505 _aSide-2 मन तेरी तरफ क्यूँ जाता हैं (Man Teri Taraf Kyun jati Hain) (Jagmohan Sursagar)
650 _aHindustani Classical Music
_xExcerpts
_zIndia
_917691
700 _917720
_aSursagar, Jagmohan
942 _2ddc
_cGR
999 _c43259
_d43259